Compensation/ (Record no. 363784)
[ view plain ]
| 000 -LEADER | |
|---|---|
| fixed length control field | 00440nam a2200145Ia 4500 |
| 008 - FIXED-LENGTH DATA ELEMENTS--GENERAL INFORMATION | |
| fixed length control field | 200626s9999 xx 000 0 und d |
| 020 ## - INTERNATIONAL STANDARD BOOK NUMBER | |
| International Standard Book Number | 978-007-128945-0 |
| 100 ## - MAIN ENTRY--PERSONAL NAME | |
| Personal name | Milkovich, George T. |
| 245 ## - TITLE STATEMENT | |
| Statement of responsibility, etc | George T. Milkovich, Jerry M. Newman, Barry Gerhart.-- |
| Title | Compensation/ |
| 250 ## - EDITION STATEMENT | |
| Edition statement | 10th ed. |
| 260 ## - PUBLICATION, DISTRIBUTION, ETC. (IMPRINT) | |
| Place of publication, distribution, etc | New York: |
| Name of publisher, distributor, etc | McGrawHill |
| Date of publication, distribution, etc | 2011 |
| 300 ## - PHYSICAL DESCRIPTION | |
| Extent | xviii, 687 pages |
| 500 ## - GENERAL NOTE | |
| General note | Includes Index |
| 650 ## - SUBJECT ADDED ENTRY--TOPICAL TERM | |
| Topical term or geographic name as entry element | Compensation management. |
| Withdrawn status | Lost status | Damaged status | Home library | Current library | Shelving location | Date acquired | Total Checkouts | Full call number | Barcode | Date last seen | Price effective from | Koha item type |
|---|---|---|---|---|---|---|---|---|---|---|---|---|
| Southville International School Affiliated with Foreign Universities Library | Southville International School Affiliated with Foreign Universities Library | Southville Foreign University Section | 06/26/2020 | HF 5549.5.C67 .M644 2011 | SFU2638 | 06/26/2020 | 06/26/2020 | Books |